[Event "WM 2008"]
[Site "Bonn"]
[Date "2008.10.14"]
[Round "1"]
[White "Kramnik, Vladimir"]
[Black "Anand, Viswanathan"]
[Result "1/2-1/2"]
[WhiteElo "2772"]
[BlackElo "2783"]
[Annotator "Rogozenko"]
[PlyCount "64"]
[EventDate "2008.10.14"]

{In der ersten Partie hat Kramnik mit Weiss versucht, ohne das geringste
Risiko auf Gewinn zu spielen, aber Anand hat sich genau verteidigt und
problemlos Remis geschafft - ein kleiner psychologischer Sieg für Anand.} 1. d4
d5 2. c4 c6 {Die Slawische Verteidigung - Anands Haupteröffnung gegen 1.d4} 3.
Nc3 Nf6 4. cxd5 {Früher galt die Abtauschvariante als gefährliche Waffe gegen
die Slawische Verteidigung, aber heutzutage steht sie in dem Ruf, recht
friedlich zu sein. Wahrscheinlich hatte sich der Inder auch gut auf diese
Variante vorbereitet, denn vor einem Jahr hat Kramnik schon einmal so gespielt
(wenn auch nur in einer Blitzpartie) und schnell gewonnen. Sein Gegner war...
Anand. Fast scheint es, als ob Kramnik in dieser ersten Partie nur prüfen
wollte, wie gut sich Anand vorbereitet hat. Anspruchsvoller sind die Züge 4.
Sf3 oder 4.e3.} cxd5 5. Bf4 Nc6 6. e3 Bf5 7. Nf3 e6 {Die Idee hinter der
Abtauschvariante ist, dass Weiss eine symmetrische Bauernstruktur herbeiführt
und mit Hilfe seines Anzugsvorteils Druck auf die schwarze Stellung ausüben
kann.} 8. Qb3 Bb4 {Schwarz sollte die Züge seines Gegners nicht länger
kopieren. Nach 8...Db6 9.Dxb6 axb6 sichern die Doppelbauern auf der b-Linie
Weiss Vorteil.} 9. Bb5 O-O 10. Bxc6 Bxc3+ 11. Qxc3 Rc8 {Anand möchte keinen
schwachen Bauern auf c6 bekommen und nutzt die Fesselung auf der c-Linie, um
mit dem Turm auf c6 zu schlagen . Nach 11...bxc6 nimmt Weiss den gegnerischen
Bauern nicht, sondern rochiert einfach - 12.0-0. Danach hat er wegen des
schwachen Bauern auf c6 die besseren Aussichten.} (11... bxc6 12. O-O (12. Qxc6
Qa5+ 13. Qc3 Qxc3+ 14. bxc3 Rfc8 15. Rc1 Ne4 $11)) 12. Ne5 Ng4 $1 {Der
genaueste Zug - Schwarz tauscht die Springer, um anschliessend den Läufer mit
dem Turm zu schlagen.} 13. Nxg4 Bxg4 {Weiss kann Txc6 nicht verhindern.
Kramniks letzte Chance, um Vorteil zu kämpfen, ist es, einen Bauern zu
gewinnen - dafür muss er aber die Kontrolle über die c-Linie aufgeben.} 14. Qb4
Rxc6 15. Qxb7 Qc8 16. Qxc8 Rfxc8 17. O-O {Kramnik hat einen Mehrbauern, Anand
besitzt die einzige offene Linie. Die ungleichfarbigen Läufer verstärken
allerdings die Remis-Tendenz. Der Mehrbauer reicht in dieser Stellung
normalerweise nicht zum Gewinn. Für Anand  kein Problem, hier Remis zu
erreichen.} a5 {Stoppt den möglichen Vormarsch der weissen Bauern.} 18. f3 Bf5
19. Rfe1 {Kramnik versucht, im Zentrum Fortschritte zu erzielen, aber Anands
Figuren stehen gut und so bringt ihn auch dieser Plan nicht in Schwierigkeiten.
} Bg6 20. b3 f6 21. e4 dxe4 22. fxe4 Rd8 {Schwarz sieht die neue Schwäche im
weissen Lager - den Bauern auf d4.} 23. Rad1 Rc2 24. e5 {24.d5 wird am Besten
mit 24...e5 beantwortet.} fxe5 25. Bxe5 Rxa2 {Jetzt ist das Materialverhältnis
wieder ausgeglichen und Remis nur eine Frage der Zeit.} 26. Ra1 Rxa1 27. Rxa1
Rd5 28. Rc1 Rd7 29. Rc5 Ra7 30. Rc7 Rxc7 31. Bxc7 Bc2 32. Bxa5 Bxb3 {Analysen:
Dorian Rogozenko auf SpiegelOnline} 1/2-1/2

[Event "WM 2008"]
[Site "Bonn"]
[Date "2008.10.15"]
[Round "2"]
[White "Anand, Viswanathan"]
[Black "Kramnik, Vladimir"]
[Result "1/2-1/2"]
[WhiteElo "2783"]
[BlackElo "2772"]
[Annotator "Rogozenko"]
[PlyCount "64"]
[EventDate "2008.10.14"]

{Vor allem zwei Fragen stellte man sich vor dieser Partie:  1. Wird der
Weltmeister schon in seiner ersten Weisspartie scharf spielen und versuchen,
Druck auf Kramnik auszuüben, oder wird er eine ruhige Taktik wählen, wie es
sein Gegner in der 1. Partie getan hat?   2. Was hat Anand gegen die Russische
Verteidigung vorbereitet?} 1. d4 {Schon der 1. Zug kam überraschend, denn
meistens beginnt der Weltmeister seine Weisspartien mit 1.e4. Nach diesem Zug
spielt Kramnik schon seit vielen Jahren die solide Russische Verteidigung.
Womit die 2. Frage beantwortet ist: Anand kämpft nicht gegen die Russische
Verteidigung, sondern vermeidet sie.} Nf6 2. c4 e6 3. Nc3 Bb4 {Die so genannte
Nimzowisch-Indische Verteidigung - eine klassische Eröffnung, in der Schwarz
von Anfang an um die Zentrumsfelder kämpft. Mit seinem letzten Zug verhindert
Schwarz 4.e4.} 4. f3 {Anand zeigt seine aggressive Stimmung, denn 4.f3 gilt
als die schärfste Fortsetzung in dieser Stellung. Offensichtlich setzt Anand
auf den Überraschungsfaktor, denn diesen Zug hat er noch nie gespielt. Auch
Kramnik hat in seiner Karriere noch nie gegen 4.f3 kämpfen müssen. Die Idee
von 4.f3 ist es, anschließend e2-e4 zu spielen, wonach Weiss über ein starkes
Bauernzentrum verfügt.} d5 {Schwarz verhindert wieder 5.e4.} 5. a3 Bxc3+ 6.
bxc3 c5 7. cxd5 Nxd5 8. dxc5 f5 {Das Bauernopfer ist nur vorübergehender Natur
- Weiss muss seinen Mehrbauern bald wieder hergeben.} 9. Qc2 (9. e4 $2 fxe4 10.
fxe4 Qh4+) 9... Nd7 {Ein seltener Zug. Kramnik möchte den Bauern so schnell
wie möglich zurück gewinnen. Bislang hat Schwarz in dieser Stellung meistens
rochiert.} 10. e4 fxe4 11. fxe4 N5f6 12. c6 {Dieser Bauer wird sowieso bald
sterben und mit diesem starken Zug verschlechtert Anand die gegnerische
Bauernstruktur. Nach 12.Sf3 Sxc5 hätte Kramnik bessere Aussichten als in der
Partie gehabt.} bxc6 13. Nf3 {Beide Seiten haben viele schwache Bauern und
Felder, aber Anands Läuferpaar stellt einen potenziellen Vorteil dar. Wenn
Weiss die Entwicklung beenden und seine Figuren mobilisieren kann, ohne
Zugeständnisse machen zu müssen, dann steht er klar besser. Deshalb muss
Kramnik in den nächsten Zügen etwas unternehmen, um die Stellung zu ändern.}
Qa5 14. Bd2 Ba6 15. c4 {Den Läufertausch zu verhindern ist die richtige
Entscheidung - nur so kann Weiss auf Vorteil spielen.} Qc5 16. Bd3 {Jetzt
droht 17.Lb4, was die aktive gegnerische Dame vertreibt.} Ng4 {Nach langem
Nachdenken entscheidet sich Kramnik, die Damen zu tauschen und ein leicht
schlechteres Endspiel zu verteidigen.} 17. Bb4 Qe3+ 18. Qe2 O-O-O 19. Qxe3 (19.
Be7 $6 Rde8 20. Bd6 Nb6 21. Qxe3 Nxe3 22. Ke2 Nexc4 23. Ne5 {ist viel zu
riskant. Schwarz kann dann mit 19...Db6 plötzlich doch die Damen auf dem Brett
behalten und hat nach 20.Lxd8 Txd8 wegen der unsicheren Stellung des weissen
Königs starke Kompensation für die geopferte Qualität.}) 19... Nxe3 20. Kf2
Ng4+ (20... Nxc4 $2 21. Bxc4 Bxc4 22. Rhc1 Bb5 23. a4 {kommt für Schwarz nicht
in Frage.}) 21. Kg3 {Ohne die Damen auf dem Brett kann man es sich oft
erlauben, mit dem König aktiv zu spielen. Dennoch sind noch viele Figuren am
Leben und so versucht Kramnik zu Recht, taktische Motive gegen den weissen
König zu nutzen.} (21. Ke2 Nde5 {und Schwarz gewinnt den Bauern c4}) 21... Ndf6
22. Bb1 (22. Rhd1 $2 Ne3 23. Rd2 Bxc4 {stellt Weiss vor Probleme}) 22... h5 $1
{Ein starker Zug: Kramnik opfert einen Bauern, um seine Figuren zu aktivieren.
22...Lxc4? verliert nach 23.e5 einen Springer.} 23. h3 h4+ {23...Sh6 wäre ein
großer Fehler, denn nach 24.Se5 konsolidiert Weiss seine Stellung und dann
sichert ihm das Läuferpaar klaren Vorteil.} 24. Nxh4 Ne5 25. Nf3 Nh5+ 26. Kf2
Nxf3 $1 ({Aktivität ist wichtiger als Material. Nach ...} 26... Nxc4 27. Ba2
Nf4 28. Rhd1 Nd3+ 29. Rxd3 $1 Rxd3 30. Rc1 {erhält Weiss starke Initiative.})
27. Kxf3 e5 {Weiss hat einen Mehrbauern, aber Probleme, seine Figuren zu
koordinieren. Kramnik ist es nach dem Damentausch gelungen, sich praktische
Chancen zu verschaffen. Objektiv gesehen steht Weiss besser, aber mit nur noch
wenig Bedenkzeit auf der Uhr, ist es schwer für Anand, alle gegnerischen
Möglichkeiten in Betracht zu ziehen.} 28. Rc1 {Hier verpasst Anand die
richtige Fortsetzung. Stärker war 28.Lc2!, um anschließend die Türme auf der
d-Linie zu tauschen. In diesem Fall hätte Kramnik sehr viel härter um das
Remis kämpfen müssen.} Nf4 29. Ra2 Nd3 30. Rc3 Nf4 $1 {Es droht 31...Td1.} 31.
Bc2 Ne6 32. Kg3 Rd4 {Hier bot Kramnik Remis an, was Anand mit nur noch wenigen
Minuten auf der Uhr annahm. Obwohl Weiss in der Schlussstellung immer noch
etwas besser steht, hat Schwarz mittlerweile klare Kompensation für den Bauern.
Mit nur noch drei Minuten für die nächsten acht Züge hätte Anand viel riskiert,
wenn er das Friedensangebot seines Gegners abgelehnt hätte. Deshalb: Remis.   
Analysen: Dorian Rogozenko auf SpiegelOnline} 1/2-1/2

[Event "WM 2008"]
[Site "Bonn"]
[Date "2008.10.18"]
[Round "4"]
[White "Anand, Viswanathan"]
[Black "Kramnik, Vladimir"]
[Result "1/2-1/2"]
[WhiteElo "2783"]
[BlackElo "2772"]
[Annotator "Rogozenko"]
[PlyCount "58"]
[EventDate "2008.10.14"]

1. d4 {Entweder möchte Anand seine eigentliche Hauptwaffe - 1.e4 - erst in der
entscheidenden Phase am Ende des Wettkampfes einsetzen oder er hat wirklich 1.
d4 als Hauptzug für diesen Wettkampf vorbereitet. Eines ist jedoch klar: in
den restlichen Partien des Wettkampfes muss Kramnik mit beiden Möglichkeiten
rechnen.} Nf6 2. c4 e6 3. Nf3 {Keine Nimzo-Inder wie in der zweiten Partie, in
der 3.Sc3 Lb4 geschah.} d5 {Nach 3...Lb4+ hätte Weiss die Möglichkeit, 4.Ld2
zu spielen, um so den aktiven Läufer des Schwarzen sofort zu tauschen.} 4. Nc3
Be7 {Kramnik hat auf Nimzo-Indisch verzichtet und entscheidet sich für eine
andere klassische Eröffnung - das Damengambit. Tatsächlich ist dies die meist
gespielte Eröffnung in allen Weltmeisterschaftskämpfen der Vergangenheit.
Weiss hat es nicht leicht, hier nachhaltige Aktivität zu entfalten.} 5. Bf4 {
Die andere Hauptfortsetzung ist 5.Lg5.} O-O 6. e3 Nbd7 {Eine kluge
Entscheidung. Die Alternative 6...c5 führt zu langen theoretischen Varianten,
die Anand vermutlich vor dem Wettkampf analysiert hat.} 7. a3 {Wenn Weiss 8...
c5 verhindern will, dann kann er selbst 7.c5 spielen. Aber das hat andere
Nachteile, denn Schwarz kann den Bauern c5 mit b7-b6 später angreifen.} c5 8.
cxd5 Nxd5 9. Nxd5 exd5 10. dxc5 {Sonst muss Wess mit 10...c4 rechnen, was
Schwarz entgegenkommt. Aber jetzt kann Schwarz seine Figuren bequem entwickeln
und alle Eröffnungsprobleme lösen.} Nxc5 11. Be5 Bf5 12. Be2 Bf6 13. Bxf6 Qxf6
14. Nd4 (14. Qxd5 Qxb2 15. O-O Rac8 16. Qxf5 Qxe2 {führt zu einer vollkommen
ausgeglichenen Stellung.}) 14... Ne6 15. Nxf5 Qxf5 16. O-O {Wegen des
isolierten Bauern auf d5, der von keinem anderen Bauern verteidigt werden kann,
verfügt Weiss über einen geringfügigen Vorteil. Aber ein so erstklassiger
Grossmeister wie Kramnik sollte kaum Probleme haben, hier Remis zu erreichen,
denn keine seiner Figuren steht schlecht.} Rfd8 17. Bg4 Qe5 18. Qb3 Nc5 19. Qb5
b6 20. Rfd1 {Anand versucht, mit allen Figuren Druck auf den Bauern d5
auszuüben. Das ist der einzige Plan, mit dem Weiss versuchen kann, sich einen
Vorteil zu verschaffen.} Rd6 21. Rd4 a6 (21... Ne6 22. Rd2 (22. Bxe6 fxe6 23.
Rc1 {... wonach Weiss die Kontrolle über die offene c-Linie einen kleinen
Vorteil sichert.})) 22. Qb4 h5 23. Bh3 Rad8 24. g3 g5 {Dieser unerwartete,
scheinbar aggressive Zug hat einen tiefen positionellen Grund: Kramnik sichert
sich das Feld e6 für seinen Springer. Dort greift der Springer den weissen
Turm auf d4 an. Wenn der Turm wegzieht, dann kann Schwarz den Vorstoss d5-d4
durchsetzen und sich seiner Bauernschwäche entledigen.} 25. Rad1 g4 26. Bg2 Ne6
27. R4d3 d4 {Weiss konnte diesen Vorstoss nicht verhindern. Die Stellung war
einfach "zu trocken" für irgendwelche kreativen Ideen.} 28. exd4 Rxd4 29. Rxd4
Rxd4 {Der isolierte Bauer ist abgetauscht und die Stellung dadurch vollkommen
ausgeglichen. Deswegen: Remis    Analysen: Dorian Rogozenko auf SpiegelOnline}
1/2-1/2

[Event "WM 2008"]
[Site "Bonn"]
[Date "2008.10.20"]
[Round "5"]
[White "Kramnik, Vladimir"]
[Black "Anand, Viswanathan"]
[Result "0-1"]
[WhiteElo "2772"]
[BlackElo "2783"]
[Annotator "Rogozenko"]
[PlyCount "68"]
[EventDate "2008.10.14"]

{In der fünften Partie wiederholten Anand und Kramnik   die Eröffnung aus der
dritten Partie, die Anand einen Sieg brachte. Dort, in der dritten Partie,
überraschte Anand den Russen mit einer Neuerung, aber in der Zwischenzeit
hatten Kramnik und seine Sekundanten Zeit genug gehabt, um die Stellung mit
Hilfe des Computers gründlich zu analysieren. Offenbar kamen sie zu dem
Schluss, dass Weiss seine Verteidigungsprobleme lösen kann, wonach ihm die
Freibauern am Damenflügel Vorteil sichern sollten.  Doch erneut war Anand
seinem Gegner einen Schritt voraus und präsentierte als Erster eine Neuerung.
Das sicherte ihm ein gutes Spiel - bis Kramnik sich in einer komplizierten
Stellung verrechnete, inkorrekt eine Figur opferte und anschliessend aufgeben
musste.} 1. d4 d5 2. c4 c6 3. Nf3 Nf6 4. Nc3 e6 5. e3 Nbd7 6. Bd3 dxc4 7. Bxc4
b5 8. Bd3 a6 9. e4 c5 10. e5 cxd4 11. Nxb5 axb5 12. exf6 gxf6 13. O-O Qb6 14.
Qe2 Bb7 {Kramnik hatte guten Grund, die Variante aus der dritten Partie zu
wiederholen. Die Meraner Variante ist Anands Hauptwaffe gegen 1.d4 und
vermutlich hat sich Kramnik vor dem Wettkampf ausführlich damit beschäftigt.
Aber Anands Neuerung 14...Lb7 hatte Kramnik während seiner Vorbereitung
offensichtlich nicht berücksichtigt. Doch wenn Kramnik dieser Stellung
ausweicht, dann gesteht er ein, dass ein grosser Teil seiner Vorbereitung
umsonst war. Anders gesagt: Diese Stellung ist von grosser Bedeutung. Wenn
Kramnik hier keinen Vorteil für Weiss nachweisen kann, steht er in diesem
Wettkampf vor echten Schwierigkeiten. Und diese Partie hat erneut gezeigt,
dass Schwarz in dieser Variante zahlreiche Angriffsmöglichkeiten bekommt.} 15.
Bxb5 Rg8 ({Anand weicht als Erster von der dritten Partie ab. Dort spielte er .
..} 15... Bd6 16. Rd1 Rg8 17. g3 Rg4 18. Bf4 Bxf4 19. Nxd4 h5 20. Nxe6 fxe6 21.
Rxd7 Kf8 {... und erhielt gute Kompensation für die geopferten Bauern. Anands
Abweichen in der heutigen Partie beweist nur, dass Schwarz in dieser Stellung
über mehrere gute Möglichkeiten verfügt.}) 16. Bf4 Bd6 17. Bg3 {Eine solche
Situation kommt beim Schach häufig vor: Beide Seiten sind bereit, bestimmte
Figuren zu tauschen, aber jeder möchte den Abtausch nach seinen Wünschen
geschehen lassen. Hätte Kramnik auf d6 geschlagen, dann hätte er leicht
Schwierigkeiten auf der g-Linie bekommen können. Und wenn Anand jetzt den
Läufer auf g3 tauscht, dann hat sich der Angriff auf der g-Linie erledigt.} f5
{Mit diesem Zug kämpft Anand weiter um die Öffnung der g-Linie.} 18. Rfc1 f4
19. Bh4 {Zwar übt Anand wieder Druck auf g2 aus, aber Kramnik hat es
wenigstens geschafft, die Diagonale b8-h2 zu schliessen.} Be7 {Der Läufer
hatte auf der Diagonalen b8-h2 nichts mehr zu suchen, also beordert Anand ihn
zurück.} 20. a4 Bxh4 (20... Bxf3 $4 21. Qxf3 Bxh4 22. Qxa8+) 21. Nxh4 Ke7 {
Stünden die Damen nicht mehr auf dem Brett, dann würden die Freibauern Weiss
klaren Vorteil sichern. Mit Damen auf dem Brett ist die Lage jedoch völlig
unklar: die Freibauern können nicht vorrücken und Weiss muss sich immer
Gedanken um die Sicherheit seines Königs machen.} 22. Ra3 (22. b4 Rxg2+ $1 23.
Nxg2 Rg8 24. f3 d3+ 25. Qf2 Bxf3 26. Qxb6 Rxg2+ 27. Kf1 Nxb6 {... und die
Frage ist nur, ob Weiss sich retten kann oder nicht.}) 22... Rac8 {Anand zeigt,
wie gut er versteht, wie sich das Zusammenspiel der Figuren mit jedem Zug
verändert. Zwar möchte Schwarz eigentlich Abtausch vermeiden und möglichst
viele Figuren auf dem Brett lassen, aber 22.Ta3 hat dem Weltmeister die
Möglichkeit gegeben, um die c-Linie zu kämpfen.} 23. Rxc8 {Wahrscheinlich war
es besser, diesen Turm mit 23.Td1 zur Verteidigung auf dem Brett zu lassen.
Allerdings hat Schwarz auch dann gute Aussichten.} Rxc8 24. Ra1 Qc5 25. Qg4 ({
Erneut kann Kramnik seine Bauern nicht nach vorne rücken.} 25. a5 f3 $1 26.
Nxf3 Bxf3 {und die Dame kann nicht zurücknehmen, weil sie den Läufer b5
verteidigen muss.} 27. gxf3 Qg5+ 28. Kh1 Rg8 {mit entscheidendem Angriff auf
der g-Linie.}) 25... Qe5 {Anand behält auch die Sicherheit seines eigenen
Königs im Auge.} (25... Qc1+ $4 26. Rxc1 Rxc1+ 27. Bf1 Ba6 28. h3 {und Weiss
gewinnt.}) 26. Nf3 Qf6 27. Re1 ({Genau wie später in die Partie führt das
Nehmen des Bauern d4 zum Verlust für Weiss.} 27. Nxd4 Qxd4 $2 28. Rd1 Nf6)
27... Rc5 28. b4 Rc3 29. Nxd4 $2 {Der Verlustzug in einer Stellung, in der
Weiss schon sehr genau spielen muss, um das Gleichgewicht zu halten.} (29. Nd2
$1 d3 (29... Ne5 30. Qh5 $13) (29... Rc2 30. Qd1 $13) 30. a5 Rc2 31. Bxd7 Rxd2
32. Bb5 Re2 33. Rc1 $13) 29... Qxd4 30. Rd1 {Das war die Idee von Kramniks
Opfer: wenn die schwarze Dame wegzieht, nimmt Wei den Springer d7. Aber...} Nf6
{Stattdessen greift Anand die gegnerische Dame an! Weiss hat nur eine
Möglichkeit, die Figur zurück zu gewinnen.} 31. Rxd4 Nxg4 32. Rd7+ Kf6 33. Rxb7
{Aber jetzt kann Anand schön gewinnen.} Rc1+ 34. Bf1 Ne3 {Weiss muss den
Springer nehmen, doch dann kann er nach 35.fxe3 fxe3 den gegnerischen Bauern
nicht mehr stoppen. Kramnik gab auf.    Analysen: Dorian Rogozenko auf
SpiegelOnline} 0-1